000 00481nam a22001817a 4500
005 20251108165220.0
008 250721s1991 xx 000 0 ara d
082 1 4 _a818.9562/أمي
100 1 _aالريحاني، أمين
245 1 0 _aشذرات من عهد الصبا /
250 _aط3
264 1 _aبيروت :
_bدار الجليل،
_c1991.
300 _a331ص
650 1 7 _aالأدب العربي
650 1 7 _aلبنان
942 _2ddc
_cREF
999 _c22345
_d22345